Statistics for All Black Mirror Episodes

Click here to take the quiz!

General Stats

  • This quiz has been taken 31 times
    (28 since last reset)
  • The average score is 19 of 23

Answer Stats

SeasonAnswer% Correct
2White christmas
95%
Interactive filmBandersnatch
90%
3Nosedive
90%
3San junipero
90%
2White bear
90%
4Black museum
85%
4Crocodile
85%
3Hated in the nation
85%
4Metalhead
85%
3Playtest
85%
3Shut up and dance
85%
5Striking vipers
85%
1The entire history of you
85%
1The national anthem
85%
2The waldo moment
85%
115 million merits
80%
4Arkangel
80%
2Be right back
80%
4Hang the DJ
80%
3Men against fire
80%
5Rachel, Jack and Ashley too
75%
5Smithereens
75%
4USS Callister
75%

Score Distribution

Percentile by Number Answered

Percent of People with Each Score

Your Score History

You have not taken this quiz since the last reset